Statistics for Hartsfield–Jackson Atlanta International Airport (ATL) Destinations

Click here to take the quiz!

General Stats

  • This quiz has been taken 1,054 times
    (1,037 since last reset)
  • The average score is 124 of 241

Answer Stats

HintAnswer% Correct
British Airways, Delta, Virgin AtlanticLondon–Heathrow
91%
American Airlines, American Eagle, Delta, FrontierMiami
90%
American Airlines, Delta, Spirit AirlinesDallas/Fort Worth
89%
Delta, SouthwestDallas–Love
89%
Delta, JetBlueNew York–JFK
89%
American Airlines, Delta, Frontier, Southwest, Spirit AirlinesLos Angeles
88%
American Airlines, American Eagle, Delta, Frontier, SouthwestNew York–LaGuardia
88%
Delta, SouthwestHouston–Hobby
87%
Delta, Delta Connection, Spirit Airlines, United, United ExpressHouston–Intercontinental
87%
Air France, DeltaParis–Charles de Gaulle
87%
Delta, SouthwestChicago–Midway
86%
American Airlines, American Eagle, Delta, Delta Connection, Spirit Airlines, United, United ExpressChicago–O'Hare
86%
Alaska Airlines, DeltaSeattle/Tacoma
86%
Delta, JetBlue, Southwest, Spirit AirlinesBoston
85%
DeltaMexico City
85%
Delta, Frontier, Southwest, United, United ExpressDenver
84%
Delta, UnitedSan Francisco
84%
Delta, Frontier, JetBlue, Southwest, Spirit AirlinesOrlando
83%
Delta, KLMAmsterdam
82%
American Airlines, American Eagle, DeltaCharlotte
81%
Delta, Delta ConnectionJackson (MS)
81%
Air Choice OneJackson (TN)
81%
DeltaPortland (ME)
81%
Alaska Airlines, DeltaPortland (OR)
81%
Delta, SouthwestSan Diego
81%
Delta, Southwest, Spirit AirlinesDetroit
80%
Air Canada Express, Delta, Delta ConnectionToronto–Peterson
80%
Delta, Southwest, United, United ExpressWashington–Dulles
80%
American Eagle, Delta, SouthwestWashington–National
80%
American Airlines, Delta, SouthwestPhoenix–Sky Harbor
79%
DeltaTokyo–Narita
79%
Delta, Frontier, SouthwestAustin
78%
Delta, Frontier, Southwest, Spirit AirlinesLas Vegas
78%
Delta, Southwest, Spirit AirlinesTampa
78%
DeltaMadrid
77%
Delta, Southwest, Spirit AirlinesMinneapolis/St. Paul
77%
DeltaRome-Fiumicino
77%
DeltaRio de Janeiro–Galeão
76%
DeltaSan José del Cabo
76%
DeltaVancouver
76%
Delta, SouthwestJacksonville (FL)
75%
Delta ConnectionJacksonville (NC)
75%
Delta, SouthwestKansas City
75%
Delta, SouthwestNashville
75%
Delta, Southwest, Spirit AirlinesNew Orleans
75%
American Airlines, Delta, Southwest, Spirit AirlinesPhiladelphia
75%
Delta, FrontierSan Jose (CA)
75%
DeltaSan Jose (CR)
75%
Delta, LufthansaFrankfurt
74%
Delta, SouthwestCancún
73%
DeltaMemphis
73%
Delta, Southwest, Spirit AirlinesBaltimore
72%
Delta ConnectionColumbus (GA)
72%
Delta, Southwest,Columbus–Glenn
72%
Delta ConnectionColumbus (MS)
72%
Delta, Delta ConnectionMontréal–Trudeau
72%
Delta, Spirit Airlines, United, United ExpressNewark
72%
Delta, SouthwestRaleigh/Durham
72%
DeltaBarcelona
71%
DeltaBirmingham (AL)
71%
Delta, Southwest, Spirit AirlinesCleveland
71%
DeltaDublin
71%
Delta, Frontier, SouthwestSan Antonio
71%
DeltaOklahoma City
70%
DeltaSão Paulo–Guarulhos
70%
Delta, Korean AirSeoul–Incheon
70%
DeltaHonolulu
69%
Delta, SouthwestPittsburgh
69%
Delta, FrontierSalt Lake City
69%
DeltaManchester (NH)
68%
Virgin AtlanticManchester (UK)
68%
DeltaPanama City (FL)
68%
DeltaPanama City–Tocumen
68%
Delta, SouthwestSt. Louis
68%
DeltaCharleston (SC)
67%
Delta, Delta ConnectionCharleston (WV)
67%
DeltaEl Paso
67%
Delta, SouthwestIndianapolis
67%
DeltaSantiago de Chile
67%
DeltaSantiago de los Caballeros
67%
DeltaBogota
66%
Delta, FrontierCincinnati
66%
Delta, JetBlue, Southwest, Spirit AirlinesFort Lauderdale
66%
DeltaLisbon
66%
DeltaMunich
66%
DeltaSacramento
66%
Delta, SouthwestMilwaukee
65%
DeltaAlbuquerque
64%
DeltaBuenos Aires–Ezeiza
64%
DeltaBuffalo
64%
DeltaHavana
64%
DeltaLima
64%
Delta ConnectionAlbany (GA)
63%
DeltaAlbany (NY)
63%
Turkish AirlinesIstanbul–Atatürk
63%
DeltaLouisville
63%
DeltaMilan–Malpensa
63%
Delta, SouthwestRichmond
62%
DeltaAnchorage
61%
DeltaNassau
61%
DeltaSavannah
61%
Delta, Delta ConnectionBaton Rouge
60%
DeltaBrussels
59%
DeltaDes Moines
59%
DeltaLittle Rock
59%
Delta, Delta ConnectionOmaha
59%
DeltaShanghai–Pudong
59%
Delta, Delta ConnectionSpringfield/Branson
59%
Delta ConnectionMontgomery
58%
DeltaProvidence
58%
DeltaReno/Tahoe
58%
Delta, Delta ConnectionTulsa
58%
DeltaZürich
58%
DeltaKingston–Norman Manley
57%
Delta, Delta ConnectionColumbia (SC)
56%
Delta, Delta ConnectionMobile
56%
Delta, FrontierSan Juan
56%
DeltaSanto Domingo–Las Américas
56%
Delta, FrontierColorado Springs
55%
DeltaTucson
55%
Aeroméxico Connect, DeltaGuadalajara
54%
DeltaHartford
54%
Delta, Delta ConnectionKnoxville
54%
Delta, SouthwestOakland
54%
DeltaDayton
53%
Qatar AirwaysDoha
53%
DeltaJohannesburg–O. R. Tambo
53%
Delta, Delta ConnectionTallahassee
52%
Delta, Delta ConnectionAugusta (GA)
51%
DeltaWichita
51%
DeltaGuatemala City
50%
Delta, Delta ConnectionMadison
50%
DeltaQuito
50%
Delta ConnectionRochester (MN)
50%
DeltaRochester (NY)
50%
DeltaSyracuse
50%
DeltaNorfolk
49%
DeltaMonterrey
48%
Delta, SouthwestFort Myers
47%
Delta, Delta ConnectionGreensboro
47%
Delta, Delta ConnectionLexington
47%
DeltaPort-au-Prince
47%
DeltaSan Salvador
47%
DeltaGrand Rapids
45%
Delta ConnectionLincoln
45%
DeltaAkron/Canton
44%
Delta, Delta ConnectionChattanooga
44%
Delta ConnectionFargo (ND)
44%
Delta, Delta ConnectionKey West
44%
Delta, Delta ConnectionWilmington (NC)
44%
Delta ConnectionSioux Falls
42%
Delta, Delta ConnectionGreen Bay
41%
DeltaHarrisburg
41%
Delta, Delta ConnectionHuntsville
41%
Delta, Delta ConnectionFayetteville/Bentonville
40%
Delta, Delta Connection, SouthwestGreenville/Spartanburg
40%
DeltaManagua
40%
Delta, Delta ConnectionShreveport
40%
DeltaBelize City
39%
Delta, Delta ConnectionGulport/Biloxi
39%
DeltaLagos
38%
Delta, SouthwestPunta Cana
38%
Delta, Delta ConnectionMelbourne (FL)
37%
DeltaOrange County
37%
DeltaPensacola
37%
DeltaTegucigalpa
37%
DeltaAruba
36%
Delta, Delta ConnectionAsheville
36%
Delta, Delta ConnectionMyrtle Beach
36%
DeltaVenice–Marco Polo
36%
Delta, SouthwestWest Palm Beach
36%
Delta, Delta ConnectionFayetteville (NC)
35%
Delta ConnectionFort Wayne
35%
Delta ConnectionBurlington (VT)
34%
Delta, Delta ConnectionCedar Rapids/Iowa City (IA)
34%
DeltaDaytona Beach
34%
DeltaMontego Bay
34%
Delta, Delta ConnectionGainesville
33%
DeltaSarasota
33%
Spirit AirlinesAtlantic City
32%
Spirit AirlinesTrenton
32%
Delta, Delta ConnectionSouth Bend
31%
DeltaSt. Lucia
31%
Delta, Delta ConnectionAllentown
30%
DeltaPuerto Vallarta
30%
DeltaBermuda
29%
Delta, Delta ConnectionLafayette
29%
DeltaSt. Kitts
29%
DeltaAntigua
28%
Delta ConnectionAspen
28%
Delta, Delta ConnectionGeorge Town/Great Exuma Island
28%
DeltaBozeman
27%
DeltaDüsseldorf
27%
Delta, Delta ConnectionCharlottesville
26%
Delta, Delta ConnectionEvansville
26%
Delta, Delta ConnectionRoanoke
26%
DeltaFlint
25%
DeltaJackson Hole
25%
DeltaWilkes-Barre/Scranton
25%
DeltaEagle/Vail
24%
DeltaGrand Cayman
24%
Aeroméxico ConnectMérida
24%
Delta ConnectionPeoria
24%
DeltaCartagena
23%
DeltaCozumel
23%
DeltaMissoula
23%
DeltaRapid City
23%
Delta ConnectionAlexandria
22%
Delta, Delta ConnectionNewport News
22%
DeltaSan Pedro Sula
22%
Delta ConnectionBloomington/Normal
21%
DeltaGrenada
20%
DeltaLiberia (CR)
20%
FrontierLong Island/Islip
20%
DeltaSt. Thomas
20%
Delta ConnectionValdosta
20%
Delta, Delta ConnectionWhite Plains
20%
DeltaBonaire
18%
Aeroméxico ConnectLéon/Del Bajío
18%
Delta ConnectionMoline/Quad Cities
18%
Delta ConnectionMonroe
18%
DeltaProvidenciales
18%
Delta, Delta ConnectionAppleton
17%
Delta, Delta ConnectionFort Walton Beach
17%
DeltaStuttgart
17%
Delta ConnectionBrunswick
16%
DeltaSt. Maarten
16%
Delta ConnectionTraverse City
16%
Delta ConnectionDothan
15%
Delta ConnectionFort Smith
15%
DeltaHayden/Steamboat Springs
14%
DeltaKalispell
14%
Air FrancePointe-à-Pitre
13%
Delta, Delta ConnectionTri-Cities (TN)
13%
DeltaMontrose
12%
DeltaRoatán
12%
Delta ConnectionNew Bern
9%
Aeroméxico ConnectQuerétaro
8%
Delta ConnectionElmira (NY)
7%
Boutique AirMuscle Shoals
7%
Delta ConnectionNorth Eleuthera
6%

Score Distribution

Percentile by Number Answered

Percent of People with Each Score

Your Score History

You have not taken this quiz since the last reset